000 00966 a2200229 4500
005 20260406162550.0
008 260406b |||||||| |||| 00| 0 eng d
020 _a9789380033785 (hbk)
037 _cTB
040 _aAL
_cAL
041 _2hin
_ahin
084 _aO152,3vN5 R4
_qAL
100 _aपटेल, रेखा जेड.
_9863332
245 _aहिन्दी कहानी का उद्भव - विकास एवं जयशंकर प्रसाद
260 _aजयपुर, भारत:
_bपैराडाइज पब्लिशर्स,
_c2024.
300 _a280पृ.
365 _b2295.00
_cINR
650 _aहिन्दी कहानी
650 _aहिन्दी साहित्य
942 _cTB
_2CC
_hO152,3vN5 R4
999 _c1467399
_d1467399